| 000 | 01041cam a2200289 a 4500 | ||
|---|---|---|---|
| 001 | 433615 | ||
| 003 | LC | ||
| 005 | 20160223115657.0 | ||
| 008 | 811031t19811965maubf 000 1 eng | ||
| 010 | _a 81166148 | ||
| 020 | _a0395312663 | ||
| 040 |
_aDLC _cDLC _dDLC _dOCoLC _dDLC |
||
| 050 | 0 | 0 |
_aPR 6039.O32 _b.T649 1954 |
| 100 | 1 |
_aTolkien, J. R. R. _q(John Ronald Reuel), _d1892-1973. _928185 |
|
| 245 | 1 | 4 |
_aThe two towers : _cJ.R.R. Tolkien. |
| 250 | _aSilver anniversary ed. | ||
| 260 |
_aBoston : _bHoughton Mifflin, _cc1954. |
||
| 300 |
_a725 p. : _c23 cm. |
||
| 490 | 1 |
_aThe Lord of the rings / J.R.R. Tolkien ; _vpt. 2 |
|
| 650 | 0 |
_aBaggins, Frodo (Fictitious character) _xFiction. _928186 |
|
| 650 | 0 |
_aMiddle Earth (Imaginary place) _xFiction. _928187 |
|
| 655 | 7 |
_aFantasy fiction. _2gsafd _93053 |
|
| 800 | 1 |
_aTolkien, J. R. R. _q(John Ronald Reuel), _d1892-1973. _tLord of the rings (Silver anniversary edition) ; _vpt. 2. _928188 |
|
| 906 |
_a7 _bcbc _corignew _d2 _encip _f19 _gy-gencatlg |
||
| 942 |
_2lcc _cBK |
||
| 999 |
_c115526 _d115526 |
||